000 00342nam a2200133Ia 4500
008 210716s2016 xx 000 0 und d
041 _aeng
082 _a174.9658 MONR
100 _aMonks, Robert A G; Minow, Nell.
245 _aCorporate governance.
250 _a5
260 _aNew Delhi
_bWiley India Pvt Ltd
_c2016
300 _axxix,512
999 _c209928
_d209928